[Event "Muensterland op 41st"]
[Site "Muenster"]
[Date "2024.10.13"]
[Round "2"]
[White "Hellwig, Thomas"]
[Black "Oeztekin, Taylan"]
[Result "1-0"]
[WhiteElo "2006"]
[BlackElo "1873"]
[PlyCount "73"]
[EventDate "2024.10.12"]
[EventType "swiss"]
[EventRounds "9"]
[EventCountry "GER"]
[SourceTitle "CB43_2024"]
[Source "Chessbase"]
[SourceDate "2024.10.23"]
[SourceVersion "1"]
[SourceVersionDate "2024.10.23"]
[SourceQuality "1"]

1. d4 Nf6 2. c4 g6 3. Nf3 Bg7 4. Nc3 d5 5. cxd5 Nxd5 6. e4 Nxc3 7. bxc3 c5 8. Rb1 Nc6 9. d5 Bxc3+ 10. Bd2 Bxd2+ 11. Qxd2 Nd4 12. Nxd4 cxd4 13. Qxd4 0-0 14. Bc4 Qa5+ 15. Qd2 Qxd2+ 16. Kxd2 Rd8 17. Ke3 Kf8 18. h4 b6 19. h5 g5 20. f3 h6 21. f4 gxf4+ 22. Kxf4 e6 23. Ke5 Ke7 24. Rhf1 Rg8 25. d6+ Kf8 26. Rf6 Rg5+ 27. Kd4 a5 28. Rbf1 Ra7 29. Bxe6 Bxe6 30. Rxe6 Rxh5 31. e5 Rh4+ 32. Kd5 b5 33. Ref6 Ke8 34. Rc1 Rd7 35. Rc8+ Rd8 36. Rxd8+ Kxd8 37. Rxf7 1-0

[Event "Ruhrgebiet Verbandsklasse Gruppe 2 1819"]
[Site "Nordrheinwestfalen"]
[Date "2018.12.02"]
[Round "4.1"]
[White "Georg, Felix"]
[Black "Hellwig, Thomas"]
[Result "0-1"]
[WhiteElo "1990"]
[BlackElo "1892"]
[PlyCount "118"]
[EventDate "2018.09.23"]
[EventType "team-tourn"]
[EventRounds "9"]
[EventCountry "GER"]
[SourceTitle "EXT 2022"]
[Source "ChessBase"]
[SourceDate "2021.10.06"]
[SourceVersion "1"]
[SourceVersionDate "2021.10.06"]
[SourceQuality "1"]
[WhiteTeam "Kamen SV II"]
[BlackTeam "Marten Boevinghausen"]
[WhiteTeamCountry "GER"]
[BlackTeamCountry "GER"]

1. e4 c5 2. Nf3 d6 3. d4 cxd4 4. Nxd4 Nf6 5. Nc3 g6 6. Be2 Bg7 7. Be3 0-0 8. g4 d5 9. e5 Ne4 10. f4 Nxc3 11. bxc3 Nc6 12. 0-0 f6 13. exf6 Bxf6 14. f5 e5 15. fxe6 Nxd4 16. Bxd4 Bxe6 17. Rb1 b6 18. Bxf6 Rxf6 19. Qd4 Rxf1+ 20. Rxf1 Qe7 21. Kg2 Bf7 22. Qf2 Re8 23. Bd3 Qe6 24. Qd4 Qe5 25. Rf6 Re6 26. Qxe5 Rxe5 27. Rd6 Re7 28. Rc6 Kg7 29. Kf2 Be8 30. Rd6 Rd7 31. Rxd7+ Bxd7 32. g5 Kf7 33. Ke3 Ke7 34. Kf4 Kd6 35. h4 Be8 36. h5 Bf7 37. h6 Be8 38. c4 Bf7 39. cxd5 Kxd5 40. c3 Be8 41. Ba6 Bf7 42. Bb7+ Kd6 43. Be4 a5 44. a3 Be8 45. Bb1 Bf7 46. Bc2 Bg8 47. a4 Bf7 48. Bb1 Bg8 49. Ke4 Bf7 50. Kd4 Ke7 51. Bc2 Kd6 52. Be4 Be8 53. Bd5 Bxa4 54. Bg8 Be8 55. c4 a4 56. Kc3 Ke5 57. Bxh7 Bf7 58. Kb4 Kf5 59. Kxa4 Bxc4 0-1

[Event "Unna op"]
[Site "Unna"]
[Date "2016.12.28"]
[Round "3"]
[White "Tkachuk, Sergij"]
[Black "Hellwig, Thomas"]
[Result "1/2-1/2"]
[WhiteElo "2102"]
[BlackElo "1896"]
[PlyCount "37"]
[EventDate "2016.12.27"]
[EventType "swiss"]
[EventRounds "7"]
[EventCountry "GER"]
[SourceTitle "EXT 2018"]
[Source "ChessBase"]
[SourceDate "2017.10.13"]
[SourceVersion "1"]
[SourceVersionDate "2017.10.13"]
[SourceQuality "1"]

1. e4 c5 2. Nf3 d6 3. d4 cxd4 4. Nxd4 Nf6 5. Nc3 g6 6. f4 Nc6 7. Nxc6 bxc6 8. e5 Nd7 9. exd6 exd6 10. Be3 Be7 11. Qd2 0-0 12. Be2 d5 13. 0-0 Nf6 14. f5 Bxf5 15. Rxf5 gxf5 16. Bh6 Ne4 17. Nxe4 fxe4 18. Qc3 Bf6 19. Qg3+ 1/2-1/2

[Event "Unna op"]
[Site "Unna"]
[Date "2015.12.29"]
[Round "5"]
[White "Hellwig, Thomas"]
[Black "Stricker, Florian"]
[Result "0-1"]
[WhiteElo "1830"]
[BlackElo "1970"]
[PlyCount "158"]
[EventDate "2015.12.27"]
[EventType "swiss"]
[EventRounds "7"]
[EventCountry "GER"]
[SourceTitle "EXT 2018"]
[Source "ChessBase"]
[SourceDate "2017.10.13"]
[SourceVersion "1"]
[SourceVersionDate "2017.10.13"]
[SourceQuality "1"]

1. d4 Nf6 2. c4 e6 3. g3 d5 4. Nf3 Be7 5. Bg2 0-0 6. 0-0 Nbd7 7. Qc2 c5 8. cxd5 exd5 9. Nc3 b6 10. Bf4 Bb7 11. Rfd1 Rc8 12. Rac1 c4 13. Ne5 Re8 14. Qf5 g6 15. Qh3 Nf8 16. Bg5 Ne6 17. Bxf6 Bxf6 18. e3 a6 19. a4 h5 20. f4 Rc7 21. g4 hxg4 22. Nxg4 Bg7 23. Qf3 Rd7 24. Qg3 Rd6 25. Ne5 Bc8 26. h4 Nf8 27. h5 Bf5 28. hxg6 Nxg6 29. Kf2 Bf6 30. Nxg6 Bxg6 31. Rh1 Kf8 32. Bf3 b5 33. axb5 axb5 34. Bh5 Bf5 35. Rcg1 Ke7 36. Ne2 b4 37. Bg4 Rg8 38. Bxf5 Rxg3 39. Rxg3 Kf8 40. Rh7 Ra6 41. Rgh3 Qb6 42. R3h6 c3 43. bxc3 bxc3 44. Bd3 Ra2 45. Rh8+ Ke7 46. Rc8 Ra3 47. Kf3 c2 48. Bxc2 Rxe3+ 49. Kxe3 Qe6+ 50. Kf3 Qxc8 51. Bd3 Qb8 52. Ng3 Qb3 53. Nf5+ Ke8 54. Ke3 Qb6 55. Kf3 Kd8 56. Rh7 Bxd4 57. Rxf7 Qb3 58. Ke2 Qb2+ 59. Kf3 Qf2+ 60. Kg4 Qg2+ 61. Kh5 Qh3+ 62. Kg5 Qxd3 63. Rf8+ Kd7 64. Rf7+ Ke8 65. Rb7 Qc3 66. Rb8+ Kd7 67. Rb7+ Kc8 68. Nd6+ Kd8 69. Nf7+ Ke8 70. Nd6+ Kf8 71. Rb8+ Ke7 72. Nf5+ Kd7 73. Rb7+ Kc6 74. Rb8 Kc7 75. Rb5 Bc5 76. Rb1 Qc2 77. Rb5 d4 78. Kf6 d3 79. Ke6 Qc4+ 0-1

[Event "Unna op"]
[Site "Unna"]
[Date "2015.12.29"]
[Round "6"]
[White "Runte, Moritz"]
[Black "Hellwig, Thomas"]
[Result "0-1"]
[WhiteElo "1649"]
[BlackElo "1830"]
[PlyCount "180"]
[EventDate "2015.12.27"]
[EventType "swiss"]
[EventRounds "7"]
[EventCountry "GER"]
[SourceTitle "EXT 2018"]
[Source "ChessBase"]
[SourceDate "2017.10.13"]
[SourceVersion "1"]
[SourceVersionDate "2017.10.13"]
[SourceQuality "1"]

1. e4 c5 2. Nf3 d6 3. d4 cxd4 4. Nxd4 Nf6 5. Nc3 g6 6. Be2 Bg7 7. Be3 0-0 8. 0-0 Nc6 9. Qd2 Ng4 10. Bxg4 Bxg4 11. h3 Bd7 12. Nb3 Ne5 13. Bh6 Nc4 14. Qc1 e6 15. Bxg7 Kxg7 16. Nd2 Rc8 17. Rd1 Qb6 18. Rb1 Ne5 19. Nf1 Rfd8 20. Ng3 h6 21. Qd2 Nc4 22. Qd4+ Qxd4 23. Rxd4 e5 24. Rd3 Be6 25. Nd5 Rc5 26. c3 Bxd5 27. Rxd5 Rxd5 28. exd5 f5 29. Rd1 b5 30. b3 Nb6 31. f4 Kf6 32. Ne2 Rc8 33. Kf2 Nd7 34. Rc1 Nc5 35. Rc2 exf4 36. Kf3 Nd3 37. Rd2 Ne5+ 38. Kxf4 g5+ 39. Ke3 a6 40. Kd4 f4 41. Rc2 h5 42. c4 Kf5 43. c5 g4 44. h4 Nd7 45. c6 Nc5 46. b4 Ne4 47. Nc3 Nxc3 48. Rxc3 Rc7 49. a3 g3 50. Rf3 Re7 51. Rc3 Rc7 52. Rf3 Kg4 53. Rf1 Rc8 54. Ke4 Re8+ 55. Kd4 Kf5 56. Rc1 f3 57. gxf3 Kf4 58. c7 g2 59. Kd3 Rc8 60. Rg1 Kxf3 61. Rc1 Kg3 62. Ke4 Kh2 63. Kf5 g1Q 64. Rxg1 Kxg1 65. Ke6 Rxc7 66. Kxd6 Rc4 67. Ke7 Rxh4 68. d6 Rd4 69. d7 h4 70. d8Q Rxd8 71. Kxd8 h3 72. Kc7 h2 73. Kb6 h1Q 74. Kxa6 Qc6+ 75. Ka7 Kf2 76. Kb8 Ke3 77. Ka7 Kd4 78. Kb8 Kc3 79. Ka7 Kb3 80. Kb8 Kxa3 81. Ka7 Kxb4 82. Kb8 Qb6+ 83. Ka8 Qa6+ 84. Kb8 Ka3 85. Kc7 b4 86. Kd7 b3 87. Ke7 b2 88. Kd7 b1Q 89. Ke7 Qbb7+ 90. Ke8 Qaa8# 0-1

[Event "NRW Verbandsklasse Group1 1314"]
[Site "Nordrheinwestfalen"]
[Date "2014.04.06"]
[Round "9"]
[White "Nautsch, Werner"]
[Black "Hellwig, Thomas"]
[Result "1-0"]
[WhiteElo "2073"]
[BlackElo "1887"]
[PlyCount "89"]
[EventDate "2013.09.08"]
[EventType "team-tourn"]
[EventRounds "9"]
[EventCountry "GER"]
[SourceTitle "EXT 2020"]
[Source "ChessBase"]
[SourceDate "2019.10.17"]
[SourceVersion "1"]
[SourceVersionDate "2019.10.17"]
[SourceQuality "1"]
[WhiteTeam "Katernberg SF III"]
[BlackTeam "Marten Boevinghausen"]
[WhiteTeamCountry "GER"]
[BlackTeamCountry "GER"]

1. d4 Nf6 2. c4 g6 3. Nc3 Bg7 4. e4 d6 5. f3 0-0 6. Be3 c5 7. dxc5 dxc5 8. Qxd8 Rxd8 9. Bxc5 Nc6 10. Rd1 Nd7 11. Ba3 a5 12. Nd5 e6 13. Ne7+ Nxe7 14. Bxe7 Re8 15. Ba3 Ne5 16. c5 Nc6 17. Bb5 e5 18. Ne2 Be6 19. Nc3 Rec8 20. Nd5 Bxd5 21. Rxd5 Nb4 22. Bxb4 axb4 23. Bc4 b6 24. Rd7 Rxc5 25. Bxf7+ Kh8 26. Bb3 Rc1+ 27. Rd1 Bh6 28. Ke2 Rac8 29. g3 R1c5 30. Rd6 b5 31. Rhd1 Bc1 32. Rd8+ Kg7 33. R1d7+ Kh6 34. Rxc8 Rxc8 35. h4 g5 36. hxg5+ Kxg5 37. Rxh7 Bxb2 38. Rg7+ Kh6 39. Rb7 Rc5 40. f4 Rc3 41. fxe5 Rxg3 42. e6 Bc1 43. e7 Re3+ 44. Kd1 Rxe4 45. Kxc1 1-0

[Event "NRW Verbandsklasse Group1 1314"]
[Site "Nordrheinwestfalen"]
[Date "2014.01.26"]
[Round "6.2"]
[White "Hellwig, Thomas"]
[Black "Guddat, Joern"]
[Result "1-0"]
[WhiteElo "1887"]
[BlackElo "1777"]
[PlyCount "89"]
[EventDate "2013.09.08"]
[EventType "team-tourn"]
[EventRounds "9"]
[EventCountry "GER"]
[SourceTitle "EXT 2020"]
[Source "ChessBase"]
[SourceDate "2019.10.17"]
[SourceVersion "1"]
[SourceVersionDate "2019.10.17"]
[SourceQuality "1"]
[WhiteTeam "Marten Boevinghausen"]
[BlackTeam "Eichlinghofen SV II"]
[WhiteTeamCountry "GER"]
[BlackTeamCountry "GER"]

1. d4 d5 2. c4 e6 3. Nf3 c5 4. cxd5 exd5 5. g3 Nc6 6. Bg2 Nf6 7. 0-0 Be7 8. a3 c4 9. b3 cxb3 10. Qxb3 0-0 11. Nc3 Na5 12. Qa2 Bf5 13. Bg5 Rc8 14. Rac1 Be6 15. Ne5 h6 16. Bxf6 gxf6 17. Nd3 Nc4 18. Nb4 Bxb4 19. axb4 Qd6 20. b5 a6 21. bxa6 bxa6 22. Na4 a5 23. Nc5 Rfd8 24. Nb7 Qa6 25. Nxd8 Rxd8 26. Rfd1 a4 27. Bf1 Qa7 28. e4 Bg4 29. Re1 Qxd4 30. Qxa4 Qd2 31. exd5 Ne5 32. Rxe5 Qxc1 33. Qxg4+ Kf8 34. Rh5 Ra8 35. Qf4 Qd1 36. Qxh6+ Ke7 37. Qe3+ Kd7 38. Qe2 Qa1 39. Qb5+ Ke7 40. Qb7+ Kd6 41. Qc6+ Ke7 42. Qc7+ Kf8 43. Rh8+ Kg7 44. Rxa8 Qxa8 45. d6 1-0

[Event "Dortmund Sparkassen op-A"]
[Site "Dortmund"]
[Date "2013.08.02"]
[Round "7"]
[White "Hellwig, Thomas"]
[Black "Schuetzhold, Frank"]
[Result "1-0"]
[WhiteElo "2046"]
[BlackElo "1886"]
[PlyCount "86"]
[EventDate "2013.07.27"]
[EventType "swiss"]
[EventRounds "9"]
[EventCountry "GER"]
[SourceTitle "CBM 155 Extra"]
[Source "ChessBase"]
[SourceDate "2013.08.26"]
[SourceVersion "1"]
[SourceVersionDate "2013.08.26"]
[SourceQuality "1"]

1. d4 Nf6 2. c4 e6 3. g3 Bb4+ 4. Bd2 Bxd2+ 5. Qxd2 d5 6. Nf3 b6 7. cxd5 exd5 8. Bg2 0-0 9. 0-0 Ne4 10. Qc2 Bb7 11. Nc3 Nxc3 12. bxc3 Nd7 13. Rfd1 Re8 14. e3 Rc8 15. c4 c6 16. Rac1 b5 17. cxd5 cxd5 18. Qb3 Rxc1 19. Rxc1 Qb6 20. Bh3 Nf6 21. Ne5 Rd8 22. Bg2 Ne8 23. Rc5 Nc7 24. a4 f6 25. Nd3 Rd7 26. axb5 a6 27. Bh3 Re7 28. Qb4 axb5 29. Bf1 Kf7 30. Nf4 Bc6 31. Qb1 g6 32. Bg2 Rd7 33. Qb3 Qb7 34. h4 Rd6 35. h5 Ne6 36. hxg6+ hxg6 37. Nxe6 Kxe6 38. e4 b4 39. exd5+ Bxd5 40. Qe3+ Kf7 41. Bxd5+ Rxd5 42. Qh6 Rh5 43. Rxh5 gxh5 1-0

[Event "Dortmund Sparkassen op-B"]
[Site "Dortmund"]
[Date "2012.07.20"]
[Round "7"]
[White "Hellwig, Thomas"]
[Black "Stukemeier, Ralf"]
[Result "1/2-1/2"]
[WhiteElo "1885"]
[BlackElo "1786"]
[PlyCount "97"]
[EventDate "2012.07.14"]
[EventType "swiss"]
[EventRounds "9"]
[EventCountry "GER"]
[SourceTitle "EXT 2014"]
[Source "ChessBase"]
[SourceDate "2013.11.20"]
[SourceVersion "1"]
[SourceVersionDate "2013.11.20"]
[SourceQuality "1"]

1. c4 e6 2. Nf3 d5 3. g3 Nf6 4. Bg2 Be7 5. 0-0 0-0 6. d4 dxc4 7. Ne5 Nc6 8. Nxc6 bxc6 9. Qa4 Rb8 10. Qxc4 Rb4 11. Qc2 Ba6 12. Rd1 Rc4 13. Nc3 Nd5 14. e4 Nb4 15. Qd2 c5 16. dxc5 Qc8 17. Qd7 Bxc5 18. Bf1 Rd4 19. Rxd4 Bxd4 20. Qa4 Bxf1 21. Kxf1 Qa6+ 22. Qxa6 Nxa6 23. Nb5 Bc5 24. Bf4 c6 25. Nc3 f6 26. Na4 Bb6 27. Rd1 e5 28. Nxb6 axb6 29. Be3 c5 30. Rd6 Rb8 31. a3 Kf8 32. Rd7 b5 33. Ra7 Rb6 34. b4 Rc6 35. Ra8+ Kf7 36. a4 Nxb4 37. axb5 Rb6 38. Ra5 Rb7 39. Bxc5 Nd3 40. Be3 Kg6 41. b6 Nb2 42. Ra7 Rb8 43. b7 Nc4 44. Bc5 Kf7 45. f4 Nd2+ 46. Ke2 Nxe4 47. Bb6 Nd6 48. fxe5 fxe5 49. Bc7 1/2-1/2

[Event "Dortmund Sparkassen op-B"]
[Site "Dortmund"]
[Date "2012.07.19"]
[Round "6"]
[White "Witt, Rainer"]
[Black "Hellwig, Thomas"]
[Result "0-1"]
[WhiteElo "1713"]
[BlackElo "1885"]
[PlyCount "62"]
[EventDate "2012.07.14"]
[EventType "swiss"]
[EventRounds "9"]
[EventCountry "GER"]
[SourceTitle "EXT 2014"]
[Source "ChessBase"]
[SourceDate "2013.11.20"]
[SourceVersion "1"]
[SourceVersionDate "2013.11.20"]
[SourceQuality "1"]

1. c4 g6 2. Nf3 Bg7 3. Nc3 f5 4. d4 Nf6 5. g3 0-0 6. Bg2 d6 7. 0-0 Qe8 8. e4 Nxe4 9. Nxe4 fxe4 10. Ng5 Nc6 11. d5 Ne5 12. Qc2 Nf3+ 13. Bxf3 exf3 14. Bf4 h6 15. Ne6 Bxe6 16. dxe6 g5 17. Be3 Qh5 18. Kh1 Qh3 19. Rg1 Qxe6 20. Rae1 Qf6 21. Qe4 c6 22. g4 Rf7 23. b3 a6 24. Rg3 Raf8 25. Rd1 Qe5 26. Qg6 Rf6 27. Qh5 Qe4 28. h4 gxh4 29. Qxh4 Rg6 30. Rdg1 Rf7 31. Qh3 Be5 0-1

[Event "Dortmund Sparkassen op-B"]
[Site "Dortmund"]
[Date "2012.07.18"]
[Round "5"]
[White "Hellwig, Thomas"]
[Black "Nadrowski, Joseph"]
[Result "1-0"]
[WhiteElo "1885"]
[BlackElo "1641"]
[PlyCount "73"]
[EventDate "2012.07.14"]
[EventType "swiss"]
[EventRounds "9"]
[EventCountry "GER"]
[SourceTitle "EXT 2014"]
[Source "ChessBase"]
[SourceDate "2013.11.20"]
[SourceVersion "1"]
[SourceVersionDate "2013.11.20"]
[SourceQuality "1"]

1. d4 d5 2. c4 e6 3. Nf3 Be7 4. g3 Nf6 5. Bg2 0-0 6. 0-0 c5 7. cxd5 Nxd5 8. a3 Nc6 9. dxc5 Bxc5 10. b4 Be7 11. Bb2 Bf6 12. Ra2 Bxb2 13. Rxb2 Qf6 14. Rd2 a6 15. h4 Nb6 16. Qc2 Bd7 17. Ng5 g6 18. Rfd1 Rfd8 19. Rd3 Ne5 20. Rd4 Ba4 21. Rxd8+ Rxd8 22. Rxd8+ Qxd8 23. Qe4 Nbc4 24. Nc3 Bc6 25. Qf4 Bxg2 26. Kxg2 Qc8 27. Nce4 Qc6 28. Kh2 f5 29. Nf6+ Kg7 30. Ngxh7 Ng4+ 31. Nxg4 fxg4 32. Ng5 Nd6 33. Qe5+ Kf8 34. Qf6+ Ke8 35. Qxg6+ Kd8 36. Qxe6 Qd7 37. Qxd6 1-0

[Event "Ruhrgebiet VK2 1112"]
[Site "Nordrheinwestfalen"]
[Date "2012.04.22"]
[Round "9"]
[White "Hellwig, Thomas"]
[Black "Gierse, Heinz Dieter"]
[Result "1/2-1/2"]
[WhiteElo "1876"]
[BlackElo "1952"]
[PlyCount "62"]
[EventDate "2012.09.18"]
[EventType "team-tourn"]
[EventRounds "9"]
[EventCountry "GER"]
[SourceTitle "EXT 2020"]
[Source "ChessBase"]
[SourceDate "2019.10.17"]
[SourceVersion "1"]
[SourceVersionDate "2019.10.17"]
[SourceQuality "1"]
[WhiteTeam "Marten Boevinghausen"]
[BlackTeam "Bottrop SV"]
[WhiteTeamCountry "GER"]
[BlackTeamCountry "GER"]

1. d4 Nf6 2. c4 g6 3. Nc3 Bg7 4. e4 d6 5. Be2 0-0 6. Nf3 e5 7. 0-0 Nc6 8. d5 Ne7 9. b4 Nh5 10. g3 f5 11. Ng5 Nf6 12. c5 h6 13. Ne6 Bxe6 14. dxe6 fxe4 15. cxd6 cxd6 16. Ba3 Kh7 17. f3 Nf5 18. fxe4 Ne3 19. Qd3 Nxf1 20. Rxf1 Qb6+ 21. Kg2 h5 22. b5 Rac8 23. e7 Rfe8 24. Rxf6 Rxc3 25. Qxc3 Bxf6 26. Qf3 Kg7 27. g4 hxg4 28. Qxg4 Rxe7 29. h4 Qe3 30. Bxd6 Rf7 31. h5 g5 1/2-1/2

[Event "Ruhrgebiet VK2 1112"]
[Site "Nordrheinwestfalen"]
[Date "2011.11.13"]
[Round "3"]
[White "Hellwig, Thomas"]
[Black "Landau, Christian"]
[Result "0-1"]
[WhiteElo "1876"]
[BlackElo "2047"]
[PlyCount "60"]
[EventDate "2012.09.18"]
[EventType "team-tourn"]
[EventRounds "9"]
[EventCountry "GER"]
[SourceTitle "EXT 2020"]
[Source "ChessBase"]
[SourceDate "2019.10.17"]
[SourceVersion "1"]
[SourceVersionDate "2019.10.17"]
[SourceQuality "1"]
[WhiteTeam "Marten Boevinghausen"]
[BlackTeam "Rochade Steele/Kray"]
[WhiteTeamCountry "GER"]
[BlackTeamCountry "GER"]

1. d4 Nf6 2. c4 c5 3. d5 b5 4. Nf3 g6 5. cxb5 a6 6. b6 Qxb6 7. Nc3 Bg7 8. e4 d6 9. e5 dxe5 10. Nxe5 0-0 11. Be2 Rd8 12. 0-0 Bb7 13. Nc4 Qc7 14. Bf3 Nc6 15. Be3 Nd4 16. Rc1 Nxd5 17. Nxd5 Bxd5 18. Bxd4 Bxf3 19. Qxf3 cxd4 20. Nd2 Qa5 21. Ne4 Rac8 22. b4 Qxb4 23. Ng5 Rxc1 24. Qxf7+ Kh8 25. Rxc1 Qd2 26. h4 Qxc1+ 27. Kh2 Qc7+ 28. g3 Rf8 29. Qe6 Rxf2+ 30. Kh3 Qc2 0-1

[Event "Ruhrgebiet VK2 1112"]
[Site "Nordrheinwestfalen"]
[Date "2011.10.09"]
[Round "2.3"]
[White "Ribbeck, Oliver"]
[Black "Hellwig, Thomas"]
[Result "1-0"]
[WhiteElo "1944"]
[BlackElo "1876"]
[PlyCount "69"]
[EventDate "2012.09.18"]
[EventType "team-tourn"]
[EventRounds "9"]
[EventCountry "GER"]
[SourceTitle "EXT 2020"]
[Source "ChessBase"]
[SourceDate "2019.10.17"]
[SourceVersion "1"]
[SourceVersionDate "2019.10.17"]
[SourceQuality "1"]
[WhiteTeam "Dortmund FS 98 II"]
[BlackTeam "Marten Boevinghausen"]
[WhiteTeamCountry "GER"]
[BlackTeamCountry "GER"]

1. d4 Nf6 2. Nf3 g6 3. c4 Bg7 4. Nc3 0-0 5. e4 d6 6. Be2 e5 7. dxe5 dxe5 8. Qxd8 Rxd8 9. Bg5 Re8 10. Nd5 Nxd5 11. cxd5 f5 12. exf5 e4 13. Nd2 gxf5 14. 0-0-0 Nd7 15. Bh5 Rf8 16. Be7 Ne5 17. Bxf8 Nd3+ 18. Kb1 Kxf8 19. Rhf1 c6 20. dxc6 bxc6 21. Nb3 Ba6 22. Be2 Rb8 23. f3 Bc4 24. fxe4 Nxb2 25. Rxf5+ Kg8 26. Bxc4+ Nxc4 27. Rd7 Na3+ 28. Kc1 Bh6+ 29. Kd1 Nb5 30. Kc2 a5 31. Nc5 Be3 32. Kd3 Bg1 33. Rg5+ Kh8 34. Ne6 Bxh2 35. Rh5 1-0

[Event "Dortmund Sparkassen op-B"]
[Site "Dortmund"]
[Date "2011.07.29"]
[Round "7"]
[White "Hellwig, Thomas"]
[Black "Vojdani, Bahram"]
[Result "1-0"]
[WhiteElo "2046"]
[BlackElo "1634"]
[PlyCount "145"]
[EventDate "2011.07.23"]
[EventType "swiss"]
[EventRounds "9"]
[EventCountry "GER"]
[SourceTitle "EXT 2013"]
[Source "ChessBase"]
[SourceDate "2012.11.22"]
[SourceVersion "1"]
[SourceVersionDate "2012.11.22"]
[SourceQuality "1"]

1. d4 d5 2. c4 e6 3. Nf3 c6 4. g3 Nf6 5. Bg2 Bb4+ 6. Bd2 Qa5 7. Nc3 dxc4 8. 0-0 Nbd7 9. e4 Bxc3 10. Bxc3 Qh5 11. Nd2 Qxd1 12. Raxd1 b5 13. Bb4 h5 14. Bd6 Bb7 15. e5 Nd5 16. Ne4 N7b6 17. Nc5 0-0-0 18. Rc1 h4 19. b3 hxg3 20. hxg3 Rh6 21. a4 a5 22. axb5 cxb5 23. bxc4 Nxc4 24. Rxc4 bxc4 25. Rb1 Rxd6 26. exd6 Bc6 27. Rc1 c3 28. Kf1 a4 29. Bxd5 exd5 30. Rxc3 Rxd6 31. Nxa4 Kd8 32. Nc5 Bb5+ 33. Kg2 Bc6 34. Ra3 Ke7 35. Ra7+ Kf6 36. Ra6 Ke7 37. Ra7+ Kf6 38. Ra6 Ke7 39. Kf3 Bb5 40. Rxd6 Kxd6 41. Kf4 Ke7 42. g4 Bc4 43. g5 Ba2 44. Ke5 f6+ 45. Kf5 Bb1+ 46. Kg4 Bc2 47. f4 Bd1+ 48. Kh4 Bc2 49. Kh5 Kf7 50. Nb7 Bd1+ 51. Kh4 Ke6 52. gxf6 gxf6 53. Kg3 Bc2 54. Kf2 Kd7 55. Nc5+ Kc6 56. Ke3 f5 57. Kd2 Be4 58. Kc3 Kb5 59. Nd7 Kc6 60. Ne5+ Kc7 61. Kb4 Kd6 62. Ng6 Kc6 63. Ka5 Kd6 64. Kb6 Kd7 65. Kc5 Kc7 66. Ne5 Kd8 67. Kd6 Bh1 68. Nd3 Be4 69. Nc5 Ke8 70. Kc6 Bh1 71. Nd3 Kf7 72. Nb4 Kg6 73. Kc5 1-0

[Event "Ruhrgebiet VK3 0910"]
[Site "Ruhrgebiet"]
[Date "2009.10.04"]
[Round "2.3"]
[White "Hellwig, Thomas"]
[Black "Krueger, Erich"]
[Result "1/2-1/2"]
[WhiteElo "2046"]
[BlackElo "2244"]
[PlyCount "118"]
[EventDate "2009.09.06"]
[EventType "team"]
[EventRounds "9"]
[EventCountry "GER"]
[SourceTitle "EXT 2011"]
[Source "ChessBase"]
[SourceDate "2010.11.26"]
[SourceVersion "1"]
[SourceVersionDate "2010.11.26"]
[SourceQuality "1"]
[WhiteTeam "Marten Boevinghausen"]
[BlackTeam "Katernberg III"]
[WhiteTeamCountry "GER"]
[BlackTeamCountry "GER"]

1. d4 Nf6 2. c4 g6 3. Nc3 Bg7 4. e4 d6 5. Nf3 0-0 6. Be2 e5 7. 0-0 Na6 8. Re1 c6 9. h3 Nh5 10. dxe5 dxe5 11. Qxd8 Rxd8 12. Bg5 f6 13. Be3 Nf4 14. Bf1 Be6 15. Rad1 b6 16. a3 Bf8 17. b4 Nc7 18. Rc1 Bf7 19. g3 Nfe6 20. Nd5 cxd5 21. cxd5 Rac8 22. dxe6 Nxe6 23. Kg2 Kg7 24. Ba6 Rxc1 25. Rxc1 h6 26. Bb7 Rd7 27. Bd5 Nd8 28. Bxf7 Kxf7 29. Rc8 Nc6 30. Ra8 Nd4 31. Bxd4 exd4 32. Kf1 h5 33. Ke2 d3+ 34. Kd1 Bh6 35. Nd2 g5 36. g4 hxg4 37. hxg4 Bf8 38. Nc4 b5 39. Ne3 Bd6 40. Nd5 Bf4 41. Nxf4 gxf4 42. Kd2 Kg6 43. f3 Kg5 44. Rh8 a6 45. Rh5+ Kg6 46. Rd5 Rh7 47. Rxd3 Rh2+ 48. Kc3 Re2 49. Kd4 Kg5 50. Rc3 Kh4 51. Rc6 Kg3 52. Rxf6 Kxf3 53. e5 Kxg4 54. Rxa6 f3 55. Rg6+ Kh3 56. Rf6 Kg2 57. Rg6+ Kh1 58. Rf6 Kg2 59. Rg6+ Kh2 1/2-1/2

[Event "Dortmund Sparkassen op-A"]
[Site "Dortmund"]
[Date "2006.08.04"]
[Round "7"]
[White "Brandhorst, Dieter"]
[Black "Hellwig, Thomas"]
[Result "0-1"]
[WhiteElo "2092"]
[BlackElo "1820"]
[PlyCount "55"]
[EventDate "2006.07.28"]
[EventType "swiss"]
[EventRounds "9"]
[EventCountry "GER"]
[SourceTitle "CBM 113 Extra"]
[Source "ChessBase"]
[SourceDate "2006.09.14"]
[SourceVersion "1"]
[SourceVersionDate "2006.09.14"]
[SourceQuality "1"]

1. d4 f5 2. Nf3 Nf6 3. g3 g6 4. Bg2 Bg7 5. 0-0 0-0 6. b4 a5 7. bxa5 Rxa5 8. c4 c5 9. Qb3 cxd4 10. Bb2 Nc6 11. Nxd4 Ra6 12. Nb5 Kh8 13. Nd2 d6 14. Rad1 Qa5 15. a3 Be6 16. Bc3 Qb6 17. Bd5 Bxd5 18. cxd5 Na7 19. a4 Nxb5 20. axb5 Raa8 21. Bb2 Rfc8 22. Nc4 Qc5 23. Ne3 Ne4 24. Rc1 Qb6 25. Nc4 Qd8 26. f3 Nc5 27. Bxg7+ Kxg7 28. Ra1 0-1

[Event "Dortmund Sparkassen op-A"]
[Site "Dortmund"]
[Date "2006.08.03"]
[Round "6"]
[White "Hellwig, Thomas"]
[Black "Haselhorst, Helmut"]
[Result "0-1"]
[WhiteElo "1820"]
[BlackElo "2173"]
[PlyCount "90"]
[EventDate "2006.07.28"]
[EventType "swiss"]
[EventRounds "9"]
[EventCountry "GER"]
[SourceTitle "CBM 113 Extra"]
[Source "ChessBase"]
[SourceDate "2006.09.14"]
[SourceVersion "1"]
[SourceVersionDate "2006.09.14"]
[SourceQuality "1"]

1. d4 Nf6 2. Nf3 g6 3. c4 Bg7 4. Nc3 0-0 5. e4 d6 6. Be2 Bg4 7. 0-0 Nfd7 8. Be3 Nc6 9. Rc1 e5 10. d5 Bxf3 11. Bxf3 Nd4 12. Bxd4 exd4 13. Nb5 a6 14. Nxd4 Qf6 15. Nc2 Qxb2 16. a3 Nc5 17. Re1 Qb3 18. Re3 Qxc4 19. Be2 Qa4 20. Nb4 Qxd1+ 21. Rxd1 Rae8 22. Bf3 f5 23. exf5 Rxe3 24. fxe3 Rxf5 25. Nd3 Bh6 26. e4 Rf8 27. Nxc5 Be3+ 28. Kf1 Bxc5 29. Rd3 Kg7 30. Ke2 Kf6 31. a4 b5 32. axb5 axb5 33. Rb3 b4 34. Kd3 Ke5 35. Kc4 Ra8 36. h3 h5 37. Bd1 Ra1 38. Bc2 Ra2 39. Kd3 h4 40. Rb1 Kf4 41. Rf1+ Kg3 42. Rf6 g5 43. Rf5 Ra3+ 44. Kd2 Be3+ 45. Ke2 Bf4 0-1

[Event "Dortmund Sparkassen op-A"]
[Site "Dortmund"]
[Date "2006.08.02"]
[Round "5"]
[White "Barskij, Alexander"]
[Black "Hellwig, Thomas"]
[Result "0-1"]
[WhiteElo "2002"]
[BlackElo "1820"]
[PlyCount "62"]
[EventDate "2006.07.28"]
[EventType "swiss"]
[EventRounds "9"]
[EventCountry "GER"]
[SourceTitle "CBM 113 Extra"]
[Source "ChessBase"]
[SourceDate "2006.09.14"]
[SourceVersion "1"]
[SourceVersionDate "2006.09.14"]
[SourceQuality "1"]

1. e4 c5 2. Nf3 g6 3. d4 cxd4 4. Nxd4 Bg7 5. c4 Nc6 6. Be3 Nf6 7. Nc3 Ng4 8. Qxg4 Nxd4 9. Qd1 Nc6 10. Rc1 0-0 11. Qd2 d6 12. Be2 f5 13. 0-0 Be6 14. exf5 gxf5 15. Nd5 Kh8 16. f4 Bg8 17. Rfd1 e6 18. Nc3 d5 19. cxd5 exd5 20. Nxd5 Bxd5 21. Qxd5 Qe7 22. Qc5 Qe8 23. Bf3 Rc8 24. Qa3 Qg6 25. Rd7 Nd4 26. Rxc8 Nxf3+ 27. Kf2 Rxc8 28. Kxf3 Qc6+ 29. Kf2 Qxd7 30. Qxa7 Qc6 31. Qa3 Qc2+ 0-1